Popularne polskie piosenki w tym tygodniu. 08-14.01 Spotify - Statystyki

Ogólne statystyki
  • Ten quiz został rozwiązany 11 razy
  • Średni wynik to 9 z 30
Statystyki odpowiedzi
Wykonawca Odsłuchania Utwór % Poprawnych
Quebonafide, Daria Zawiałow 405K BUBBLETEA
73%
sanah 263K Szampan
64%
Guzior 820K BLUEBERRY
55%
Sobel 478K Kinol
55%
Guzior, Oskar83 713K FALA
45%
Sobel 398K Impreza
45%
Wiatr, Sobel, Be Vis 547K Testarossa
45%
Reto 441K Billy Kid
36%
Mata, Wyguś, Szczepan, Adam 280K GOMBAO 33
36%
Kabe 417K Nad ranem
36%
Żabson, Vladimir Cauchemar 756K OBOK
36%
Kizo, Trill Pem 462K Fitness
27%
Favst, Gibbs, Kukon 315K halo
27%
Qry, Mini Majk 306K Mały ale wariat
27%
Quebonafide, Mick Jenkins 405K MATCHA LATTE
27%
Taco Hemingway 320K Polskie Tango
27%
Mata 266K Schodki
27%
Żabson, Young Leosia, Beteo, Borucci 325K ULALA
27%
Bedoes, Lanek 258K VOGUE
27%
SB Maffija 287K A nie pamiętasz jak?
18%
Alberto 368K Dwutakt
18%
chillwagon 271K jeden jeden
18%
Wac Toja 294K Kapitan
18%
Chivas, White 2115 412K Mam Na Twarzy Krew I Tym Razem Nie Jest Sztuczna
18%
Pezet, Kayah 266K Nisko jest niebo
18%
Kukon, Quebonafide 314K Piję wódę i słucham Ich Troje
18%
Quebonafide, Forxst 300K TEEN KASIA
18%
Bedoes, Lanek 718K TOA$T /
18%
Guzior 362K TRAPSTAR
18%
Bedoes, Lanek 374K Chrome Hearts /
9%
Nie znaleziono quizów pasujących do podanych kryteriów
Rozkład punktacji
Procent ludzi z każdym wynikiem
Percentyl według liczby udzielonych odpowiedzi
Twoja historia wyników
Nie rozwiązałeś tego quizu